000 00529nam a2200157 u 4500
001 000001655
005 20200929145642.0
008 710329s1969 xxc 000 0 eng
040 _aDO-SdBNP
_ceng
_dBNPHU
082 _axxxx
_bxxxx
245 0 0 _aReport of the Royal Commission on Bilingualism and Biculturalism.
260 _aOttawa, Canada :
_bQueen's Printer,
_c1969.
300 _av. :
_bil. ;
_c24 cm.
500 _aLa biblioteca posee el volumen 3
504 _aIncluye referencias bibliográficas y notas al pie de las páginas
999 _c1541
_d1541